000 00447nam a2200181Ia 4500
001 9104
005 20260306160659.0
008 260306t2005||||xx |||||||||||||| ||spa||
041 _aESP
082 _a372.66
_bA32
100 _aAgüera Espejo-Saavedra, Isabel
_eAUT
245 0 _aCuentos y escenificaciones para primaria
260 _c2005
300 _a176 páginas :
_c24 cm.
650 _aGEN
654 _aCED
942 _cLIB
_dJUS
_fJUS
_2ddc
_n
999 _c9104
_d9104